Rozširovanie Európskej únie ako jedna z pokračujúcich priorít spoločenstva

Etapy rozširovania členskej základne EÚ.

Salvato in:
Dettagli Bibliografici
Autore principale: Kabát, Martin
Natura: Capitolo di libro
Lingua:slovacco
Soggetti:
Tags: Aggiungi Tag
Nessun Tag, puoi essere il primo ad aggiungerne!!

MARC

LEADER 00000nla a2200000 4500
001 0173665
005 20231121083436.3
041 0 |a slo 
044 |a SK 
245 1 0 |a Rozširovanie Európskej únie ako jedna z pokračujúcich priorít spoločenstva  |c Martin Kabát 
520 |a Etapy rozširovania členskej základne EÚ. 
610 2 0 |a Európska únia 
610 2 0 |a politika medzinárodná 
610 2 0 |a spolupráca hospodárska medzinárodná 
100 1 |a Kabát, Martin